000 00903nam a2200265Ia 4500
003 OSt
005 20220923231001.0
006 a|||||r|||| 00| 0
007 ta
008 220922b |||||||| |||| 00| 0 hin d
024 _a347,599
037 _cTextual
040 _aARTS
_cARTS
_bhin
041 _2hin
_ahin
082 _aO152,1J94,1:g, M0
100 _aयादव, रामपत, ले.
245 0 _aपाठालोचन और बिहारी - सतसई
246 _aPāṭhālochan aur bihārī - satasaī
260 _aदिल्ली
_b चिन्ता प्रकाशन
_c1980
300 _a118पृ.
_ccm.
650 _a हिन्दी साहित्य
_9156264
650 _aहिन्दी कविता
942 _hO152,1J94,1:g, M0
_cTEXL
_2CC
999 _c388614
_d388614